[Event "2017"]
[Site "Bastia"]
[Date "2017.10.21"]
[Round "5.6"]
[White "Puranik, Abhimanyu"]
[Black "Antipov, Mikhail Al."]
[Result "1/2-1/2"]
[BlackElo "2582"]
[WhiteElo "2509"]
[LiveChessVersion "1.4.6"]

1. e4 {[%clk 1:30:53]} e6 {[%clk 1:30:51]} 2. d4 {[%clk 1:31:14]} d5
{[%clk 1:30:34]} 3. Nd2 {[%clk 1:31:36]} h6 {[%clk 1:30:59]} 4. Ngf3
{[%clk 1:31:20]} Nf6 {[%clk 1:31:24]} 5. Bd3 {[%clk 1:30:44]} c5 {[%clk 1:30:45]}
6. exd5 {[%clk 1:31:03]} Qxd5 {[%clk 1:25:20]} 7. dxc5 {[%clk 1:31:19]} Bxc5
{[%clk 1:25:46]} 8. Qe2 {[%clk 1:30:50]} Bd7 {[%clk 1:21:28]} 9. Ne4
{[%clk 1:27:10]} Be7 {[%clk 1:14:02]} 10. Bf4 {[%clk 1:14:19]} Bc6
{[%clk 1:12:04]} 11. Ng3 {[%clk 1:04:29]} Nbd7 {[%clk 1:09:29]} 12. O-O
{[%clk 1:03:56]} g5 {[%clk 0:48:31]} 13. c4 {[%clk 0:58:07]} Qa5 {[%clk 0:48:53]}
14. Bd2 {[%clk 0:58:02]} Bb4 {[%clk 0:44:54]} 15. Bxb4 {[%clk 0:56:39]} Qxb4
{[%clk 0:45:23]} 16. a3 {[%clk 0:50:22]} Qd6 {[%clk 0:37:45]} 17. Rad1
{[%clk 0:46:57]} Qf4 {[%clk 0:31:34]} 18. Nd2 {[%clk 0:45:57]} O-O-O
{[%clk 0:28:40]} 19. Nde4 {[%clk 0:43:44]} h5 {[%clk 0:24:17]} 20. Bc2
{[%clk 0:38:04]} Kc7 {[%clk 0:09:39]} 21. Qe1 {[%clk 0:36:20]} b6
{[%clk 0:06:43]} 22. Ne2 {[%clk 0:33:58]} Qe5 {[%clk 0:06:08]} 23. Nxf6
{[%clk 0:33:58]} Nxf6 {[%clk 0:05:50]} 24. Nd4 {[%clk 0:33:53]} Ng4
{[%clk 0:02:48]} 25. Qxe5+ {[%clk 0:31:40]} Nxe5 {[%clk 0:03:14]} 26. b3
{[%clk 0:30:18]} Rd6 {[%clk 0:03:04]} 27. Nxc6 {[%clk 0:20:01]} Kxc6
{[%clk 0:01:47]} 28. Rxd6+ {[%clk 0:18:40]} Kxd6 {[%clk 0:02:17]} 29. Rd1+
{[%clk 0:19:03]} Kc5 {[%clk 0:02:36]} 30. Kf1 {[%clk 0:19:15]} g4
{[%clk 0:02:18]} 31. Ke2 {[%clk 0:18:40]} h4 {[%clk 0:02:44]} 32. Be4
{[%clk 0:18:09]} f5 {[%clk 0:02:03]} 33. Bxf5 {[%clk 0:17:48]} Rh6
{[%clk 0:00:39]} 34. Be4 {[%clk 0:17:55]} h3 {[%clk 0:01:05]} 35. f4
{[%clk 0:15:50]} gxf3+ {[%clk 0:00:51]} 36. gxf3 {[%clk 0:16:16]} a5
{[%clk 0:00:38]} 37. Ke3 {[%clk 0:15:36]} a4 {[%clk 0:00:34]} 38. Kf4
{[%clk 0:12:11]} Rh5 {[%clk 0:00:52]} 39. bxa4 {[%clk 0:10:19]} Nxc4
{[%clk 0:01:12]} 40. Rd8 {[%clk 0:10:31]} Ne5 {[%clk 0:00:36]} 41. Rc8+
{[%clk 0:09:54]} Kd4 {[%clk 0:00:34]} 42. Rd8+ {[%clk 0:09:51]} Kc5
{[%clk 0:01:03]} 43. Rc8+ {[%clk 0:09:27]} Kd4 {[%clk 0:01:32]} 44. Re8
{[%clk 0:09:39]} Nc4 {[%clk 0:00:33]} 45. Rxe6 {[%clk 0:09:59]} Rh8
{[%clk 0:01:01]} 46. Bf5 {[%clk 0:09:05]} Rf8 {[%clk 0:01:23]} 47. Kg5
{[%clk 0:09:23]} Ne5 {[%clk 0:01:36]} 48. Rxb6 {[%clk 0:05:07]} Nxf3+
{[%clk 0:01:57]} 49. Kf4 {[%clk 0:05:31]} Nxh2 {[%clk 0:02:14]} 50. Rb3
{[%clk 0:04:59]} Nf1 {[%clk 0:01:54]} 51. Rxh3 {[%clk 0:05:11]} Kc5
{[%clk 0:01:55]} 52. Rd3 {[%clk 0:04:49]} Kc4 {[%clk 0:01:55]} 53. a5
{[%clk 0:04:23]} Kb5 {[%clk 0:01:59]} 54. Rd5+ {[%clk 0:04:41]} Kc6
{[%clk 0:01:56]} 55. Rd3 {[%clk 0:04:14]} Kb5 {[%clk 0:02:21]} 56. Rd5+
{[%clk 0:03:45]} Kc6 {[%clk 0:02:50]} 57. Re5 {[%clk 0:03:25]} Nd2
{[%clk 0:03:09]} 58. Re6+ {[%clk 0:03:41]} Kb7 {[%clk 0:02:36]} 59. Kg5
{[%clk 0:02:52]} Nf3+ {[%clk 0:01:07]} 60. Kg4 {[%clk 0:03:17]} Nd4
{[%clk 0:00:57]} 61. Be4+ {[%clk 0:03:28]} Ka7 {[%clk 0:00:57]} 62. Re7+
{[%clk 0:03:45]} Ka6 {[%clk 0:01:14]} 63. Re5 {[%clk 0:04:11]} Rf7
{[%clk 0:01:06]} 64. Rd5 {[%clk 0:03:23]} Nb3 {[%clk 0:01:17]} 65. Bd3+
{[%clk 0:03:22]} Ka7 {[%clk 0:01:46]} 66. Bc4 {[%clk 0:03:46]} Na1
{[%clk 0:01:09]} 67. Rc5 {[%clk 0:02:55]} Rg7+ {[%clk 0:01:13]} 68. Kf5
{[%clk 0:03:18]} Nc2 {[%clk 0:01:10]} 69. Kf6 {[%clk 0:03:35]} Rg3
{[%clk 0:00:44]} 70. Rc7+ {[%clk 0:02:04]} Kb8 {[%clk 0:01:09]} 71. Re7
{[%clk 0:01:45]} Rf3+ {[%clk 0:01:30]} 72. Kg6 {[%clk 0:01:50]} Rxa3
{[%clk 0:00:44]} 73. a6 {[%clk 0:02:10]} Nd4 {[%clk 0:00:40]} 74. Kf6
{[%clk 0:01:12]} Nc6 {[%clk 0:00:36]} 75. Rd7 {[%clk 0:01:19]} Ka8
{[%clk 0:00:35]} 76. Ke6 {[%clk 0:00:50]} Nb4 {[%clk 0:00:57]} 77. Kd6
{[%clk 0:00:48]} Nxa6 {[%clk 0:00:34]} 78. Bd5+ {[%clk 0:01:12]} Kb8
{[%clk 0:00:59]} 79. Rb7+ {[%clk 0:01:37]} Kc8 {[%clk 0:01:22]} 80. Ra7
{[%clk 0:01:40]} Rg3 {[%clk 0:00:55]} 81. Rxa6 {[%clk 0:01:57]} Rg6+
{[%clk 0:01:24]} 82. Be6+ {[%clk 0:02:19]} Kb7 {[%clk 0:01:52]} 83. Ra1
{[%clk 0:02:31]} Kb6 {[%clk 0:02:15]} 84. Rb1+ {[%clk 0:02:54]} Ka5
{[%clk 0:02:42]} 85. Kc5 {[%clk 0:03:10]} Ka6 {[%clk 0:02:55]} 86. Bd5
{[%clk 0:03:19]} Ka7 {[%clk 0:03:19]} 87. Rb7+ {[%clk 0:03:21]} Ka6
{[%clk 0:03:49]} 88. Rb8 {[%clk 0:02:59]} Ka5 {[%clk 0:04:17]} 89. Rb2
{[%clk 0:02:12]} Rg4 {[%clk 0:04:40]} 90. Rb1 {[%clk 0:02:37]} Rh4
{[%clk 0:05:03]} 91. Rb5+ {[%clk 0:01:58]} Ka4 {[%clk 0:05:23]} 92. Rb8
{[%clk 0:02:24]} Ka3 {[%clk 0:05:35]} 93. Rb3+ {[%clk 0:02:49]} Ka4
{[%clk 0:06:03]} 94. Rg3 {[%clk 0:02:27]} Ka5 {[%clk 0:06:23]} 95. Rg8
{[%clk 0:01:54]} Rh6 {[%clk 0:06:46]} 96. Rg7 {[%clk 0:02:11]} Rb6
{[%clk 0:06:51]} 97. Ra7+ {[%clk 0:02:35]} Ra6 {[%clk 0:07:19]} 98. Rb7
{[%clk 0:03:02]} Rg6 {[%clk 0:07:03]} 99. Rb5+ {[%clk 0:03:09]} Ka6
{[%clk 0:06:43]} 100. Rb1 {[%clk 0:03:21]} Ka7 {[%clk 0:07:03]} 101. Re1
{[%clk 0:02:35]} Kb8 {[%clk 0:07:16]} 102. Bc6 {[%clk 0:02:58]} Rg7
{[%clk 0:07:32]} 103. Re8+ {[%clk 0:02:57]} Kc7 {[%clk 0:08:00]} 104. Ra8
{[%clk 0:03:22]} Re7 {[%clk 0:08:23]} 105. Bd5 {[%clk 0:03:16]} Kd7
{[%clk 0:07:32]} 106. Ra6 {[%clk 0:03:42]} Kc7 {[%clk 0:06:28]} 107. Be6
{[%clk 0:03:55]} Kb7 {[%clk 0:06:50]} 108. Rb6+ {[%clk 0:03:46]} Kc7
{[%clk 0:07:12]} 109. Rd6 {[%clk 0:04:13]} Rg7 {[%clk 0:07:05]} 110. Rc6+
{[%clk 0:04:35]} Kd8 {[%clk 0:07:32]} 111. Kd6 {[%clk 0:04:45]} Rd7+
{[%clk 0:07:59]} 112. Ke5 {[%clk 0:05:06]} Rc7 {[%clk 0:08:24]} 113. Ra6
{[%clk 0:05:26]} Ke7 {[%clk 0:08:50]} 114. Ra8 {[%clk 0:05:51]} Rc5+
{[%clk 0:09:11]} 115. Bd5 {[%clk 0:06:16]} Rc7 {[%clk 0:09:37]} 116. Rh8
{[%clk 0:06:42]} Kd7 {[%clk 0:09:20]} 117. Rh6 {[%clk 0:07:07]} Kd8
{[%clk 0:08:58]} 118. Be6 {[%clk 0:07:21]} Rg7 {[%clk 0:08:18]} 119. Kf6
{[%clk 0:07:38]} Ra7 {[%clk 0:08:31]} 120. Ke5 {[%clk 0:07:57]} Rg7
{[%clk 0:08:52]} 121. Bf5 {[%clk 0:08:10]} Kc7 {[%clk 0:09:00]} 122. Be4
{[%clk 0:07:47]} Re7+ {[%clk 0:09:13]} 123. Kd4 {[%clk 0:08:12]} Kd7
{[%clk 0:09:33]} 124. Kd5 {[%clk 0:08:29]} Rg7 {[%clk 0:09:42]} 125. Bf5+
{[%clk 0:08:49]} Ke7 {[%clk 0:09:42]} 126. Ke5 {[%clk 0:09:12]} Kd8
{[%clk 0:09:47]} 127. Rc6 {[%clk 0:09:40]} Rc7 {[%clk 0:09:44]} 128. Rd6+
{[%clk 0:10:02]} Ke7 {[%clk 0:10:09]} 129. Re6+ {[%clk 0:10:26]} Kf7
{[%clk 0:10:32]} 130. Rh6 {[%clk 0:10:51]} Rc5+ {[%clk 0:10:59]} 131. Kf4
{[%clk 0:11:06]} 1/2-1/2

[Event "2017"]
[Site "Bastia"]
[Date "2017.10.21"]
[Round "5.7"]
[White "Firat, Burak"]
[Black "Fier, Alexandr"]
[Result "1/2-1/2"]
[BlackElo "2573"]
[WhiteElo "2460"]
[LiveChessVersion "1.4.6"]

1. c4 {[%clk 1:30:53]} e6 {[%clk 1:30:56]} 2. Nf3 {[%clk 1:29:17]} Nf6
{[%clk 1:31:19]} 3. g3 {[%clk 1:29:25]} d5 {[%clk 1:31:45]} 4. Bg2
{[%clk 1:28:27]} dxc4 {[%clk 1:32:05]} 5. Na3 {[%clk 1:25:06]} Bxa3
{[%clk 1:21:29]} 6. bxa3 {[%clk 1:25:25]} O-O {[%clk 1:21:36]} 7. O-O
{[%clk 1:20:06]} Nbd7 {[%clk 1:20:17]} 8. Qc2 {[%clk 1:16:39]} Nb6
{[%clk 1:10:53]} 9. Ne5 {[%clk 1:10:51]} Rb8 {[%clk 1:05:47]} 10. Nxc4
{[%clk 1:02:54]} Nxc4 {[%clk 1:06:07]} 11. Qxc4 {[%clk 1:03:22]} b6
{[%clk 1:06:14]} 12. Bb2 {[%clk 0:59:50]} Bb7 {[%clk 1:06:02]} 13. Bxf6
{[%clk 0:51:20]} gxf6 {[%clk 1:06:20]} 14. Bxb7 {[%clk 0:42:21]} Rxb7
{[%clk 1:06:46]} 15. Qg4+ {[%clk 0:42:03]} Kh8 {[%clk 1:07:10]} 16. Qf3
{[%clk 0:42:26]} Rb8 {[%clk 1:07:19]} 17. Rac1 {[%clk 0:42:26]} c5
{[%clk 1:07:19]} 18. Rc4 {[%clk 0:41:55]} Rg8 {[%clk 1:07:35]} 19. d4
{[%clk 0:33:13]} Rg5 {[%clk 1:06:51]} 20. Qc3 {[%clk 0:26:10]} Qe7
{[%clk 1:05:21]} 21. Rc1 {[%clk 0:22:34]} Rc8 {[%clk 1:03:07]} 22. a4
{[%clk 0:21:44]} Kg7 {[%clk 1:03:27]} 23. Qa3 {[%clk 0:20:22]} Rd5
{[%clk 1:01:40]} 24. e4 {[%clk 0:17:12]} Rd7 {[%clk 1:01:51]} 25. Kg2
{[%clk 0:16:14]} Rdc7 {[%clk 1:01:07]} 26. a5 {[%clk 0:16:08]} e5
{[%clk 0:55:54]} 27. axb6 {[%clk 0:16:03]} axb6 {[%clk 0:56:21]} 28. dxc5
{[%clk 0:16:13]} Rxc5 {[%clk 0:56:48]} 29. Rxc5 {[%clk 0:14:59]} bxc5
{[%clk 0:57:15]} 30. Rc4 {[%clk 0:13:53]} Qb7 {[%clk 0:57:32]} 31. Qf3
{[%clk 0:13:47]} Qa6 {[%clk 0:57:50]} 32. a4 {[%clk 0:13:17]} Qxc4
{[%clk 0:57:42]} 33. Qg4+ {[%clk 0:13:41]} Kh6 {[%clk 0:58:08]} 34. Qh4+
{[%clk 0:14:06]} Kg7 {[%clk 0:58:35]} 35. Qg4+ {[%clk 0:14:32]} Kh6
{[%clk 0:59:03]} 36. Qh4+ {[%clk 0:14:58]} Kg7 {[%clk 0:59:31]} 37. Qg4+
{[%clk 0:15:25]} 1/2-1/2

[Event "2017"]
[Site "Bastia"]
[Date "2017.10.21"]
[Round "5.8"]
[White "Jumabayev, Rinat"]
[Black "Basso, Pier Luigi"]
[Result "1-0"]
[BlackElo "2460"]
[WhiteElo "2603"]
[LiveChessVersion "1.4.6"]

1. e4 {[%clk 1:30:32]} e5 {[%clk 1:22:56]} 2. Nf3 {[%clk 1:30:31]} Nc6
{[%clk 1:23:20]} 3. Bc4 {[%clk 1:29:16]} Bc5 {[%clk 1:23:26]} 4. O-O
{[%clk 1:29:39]} Nf6 {[%clk 1:23:51]} 5. d3 h6 {[%clk 1:22:00]} 6. c3
{[%clk 1:30:26]} d6 {[%clk 1:22:22]} 7. a4 {[%clk 1:24:55]} a5 {[%clk 1:22:38]}
8. Nbd2 {[%clk 1:24:06]} O-O {[%clk 1:22:53]} 9. h3 {[%clk 1:22:18]} Ba7
{[%clk 1:20:41]} 10. Re1 {[%clk 1:22:26]} Ne7 {[%clk 1:17:58]} 11. Bb3
{[%clk 1:12:34]} Ng6 {[%clk 1:16:49]} 12. d4 {[%clk 1:12:46]} Re8
{[%clk 1:05:21]} 13. Bc2 {[%clk 1:00:14]} c6 {[%clk 0:56:03]} 14. Nf1
{[%clk 0:59:29]} Nh5 {[%clk 0:47:33]} 15. dxe5 {[%clk 0:34:53]} dxe5
{[%clk 0:30:33]} 16. Qxd8 {[%clk 0:35:12]} Rxd8 {[%clk 0:31:02]} 17. Ne3
{[%clk 0:35:37]} Be6 {[%clk 0:30:48]} 18. Ng4 {[%clk 0:32:25]} f6
{[%clk 0:28:13]} 19. Be3 {[%clk 0:28:14]} Bxe3 {[%clk 0:28:12]} 20. Nxe3
{[%clk 0:25:54]} Nhf4 {[%clk 0:28:10]} 21. Red1 {[%clk 0:25:50]} Ne7
{[%clk 0:21:07]} 22. h4 {[%clk 0:22:07]} Kf7 {[%clk 0:20:06]} 23. Nd2
{[%clk 0:18:38]} Nc8 {[%clk 0:12:08]} 24. g3 {[%clk 0:14:07]} Ng6
{[%clk 0:12:37]} 25. h5 {[%clk 0:06:47]} Nge7 {[%clk 0:10:07]} 26. Nb3
{[%clk 0:04:54]} Rxd1+ {[%clk 0:09:26]} 27. Rxd1 {[%clk 0:04:52]} b6
{[%clk 0:09:38]} 28. Rd8 {[%clk 0:01:31]} Ra7 {[%clk 0:09:42]} 29. f4
{[%clk 0:01:39]} Rd7 {[%clk 0:08:45]} 30. Rh8 {[%clk 0:02:01]} exf4
{[%clk 0:06:44]} 31. gxf4 {[%clk 0:02:28]} f5 {[%clk 0:03:33]} 32. exf5
{[%clk 0:02:05]} Bd5 {[%clk 0:04:03]} 33. Nd4 {[%clk 0:01:13]} Nd6
{[%clk 0:02:13]} 34. Rb8 {[%clk 0:01:29]} c5 {[%clk 0:01:19]} 35. Ne6
{[%clk 0:00:46]} Nexf5 {[%clk 0:00:43]} 36. Nxd5 {[%clk 0:00:34]} Kxe6
{[%clk 0:01:03]} 37. Nxb6 {[%clk 0:01:01]} Rb7 {[%clk 0:00:39]} 38. Bb3+
{[%clk 0:00:41]} Ke7 {[%clk 0:00:50]} 39. Rxb7+ {[%clk 0:00:36]} Nxb7
{[%clk 0:01:19]} 40. Kf2 {[%clk 0:00:59]} Nbd6 {[%clk 0:01:17]} 41. Bd5
{[%clk 0:00:49]} Kd8 {[%clk 0:00:58]} 42. Bf3 {[%clk 0:00:41]} Ne7
{[%clk 0:01:04]} 43. Ke2 {[%clk 0:00:35]} Kc7 {[%clk 0:01:02]} 44. Na8+
{[%clk 0:00:48]} Kd7 {[%clk 0:00:38]} 45. Nb6+ {[%clk 0:01:01]} Kc7
{[%clk 0:00:45]} 46. Nd5+ {[%clk 0:01:31]} Nxd5 {[%clk 0:01:11]} 47. Bxd5
{[%clk 0:01:57]} Nc8 {[%clk 0:00:33]} 48. Ke3 {[%clk 0:01:51]} Kd6
{[%clk 0:01:02]} 49. Ke4 {[%clk 0:00:58]} Nb6 {[%clk 0:01:05]} 50. Bb3
{[%clk 0:01:27]} c4 {[%clk 0:01:07]} 51. Bd1 {[%clk 0:00:55]} Nd5
{[%clk 0:00:51]} 52. f5 {[%clk 0:00:40]} Nb6 {[%clk 0:00:32]} 53. Kd4
{[%clk 0:01:01]} Kc6 {[%clk 0:00:43]} 54. Ke5 {[%clk 0:00:50]} Kd7
{[%clk 0:00:33]} 55. f6 {[%clk 0:00:40]} gxf6+ {[%clk 0:01:01]} 56. Kxf6
{[%clk 0:01:10]} Nd5+ {[%clk 0:01:21]} 57. Kg7 {[%clk 0:01:10]} Ke6
{[%clk 0:01:39]} 58. Kxh6 {[%clk 0:01:02]} Kf6 {[%clk 0:02:08]} 59. Kh7
{[%clk 0:01:05]} Kf7 {[%clk 0:02:07]} 60. Be2 {[%clk 0:01:05]} Nb6
{[%clk 0:02:32]} 61. h6 {[%clk 0:01:28]} Kf8 {[%clk 0:02:42]} 62. Kg6
{[%clk 0:00:37]} Kg8 {[%clk 0:03:11]} 63. Bd1 {[%clk 0:01:01]} Nd5
{[%clk 0:02:53]} 64. Kg5 {[%clk 0:01:07]} Kf7 {[%clk 0:03:02]} 65. Bf3
{[%clk 0:01:07]} 1-0

[Event "2017"]
[Site "Bastia"]
[Date "2017.10.21"]
[Round "6.2"]
[White "Dreev, Aleksey"]
[Black "Onischuk, Vladimir"]
[Result "1/2-1/2"]
[BlackElo "2623"]
[WhiteElo "2652"]
[LiveChessVersion "1.4.6"]

1. d4 {[%clk 1:30:59]} d6 {[%clk 1:30:45]} 2. Nf3 {[%clk 1:31:09]} g6
{[%clk 1:30:44]} 3. g3 {[%clk 1:31:26]} Bg7 {[%clk 1:30:54]} 4. Bg2
{[%clk 1:31:48]} Nf6 {[%clk 1:31:00]} 5. O-O {[%clk 1:32:03]} O-O
{[%clk 1:31:22]} 6. b3 {[%clk 1:32:20]} e5 {[%clk 1:28:00]} 7. dxe5
{[%clk 1:31:29]} dxe5 {[%clk 1:24:26]} 8. Ba3 {[%clk 1:31:41]} Re8
{[%clk 1:24:18]} 9. Qxd8 {[%clk 1:27:54]} Rxd8 {[%clk 1:23:52]} 10. Nc3
{[%clk 1:28:12]} Nc6 {[%clk 1:22:30]} 11. Rad1 {[%clk 1:22:40]} Bf5
{[%clk 1:19:15]} 12. Nh4 {[%clk 1:22:19]} Bd7 {[%clk 1:16:01]} 13. Rd2
{[%clk 1:08:07]} Be8 {[%clk 1:11:55]} 14. Rfd1 {[%clk 1:07:31]} Rxd2
{[%clk 1:11:00]} 15. Rxd2 {[%clk 1:07:54]} Rd8 {[%clk 1:11:16]} 16. Nf3
{[%clk 1:03:12]} Rd7 {[%clk 0:52:40]} 17. Rxd7 {[%clk 1:00:02]} Bxd7
{[%clk 0:52:54]} 18. Nd2 {[%clk 1:00:18]} Ne8 {[%clk 0:49:52]} 19. e3
{[%clk 0:59:05]} Bf8 {[%clk 0:48:48]} 20. Bxf8 {[%clk 0:58:36]} Kxf8
{[%clk 0:49:15]} 21. a3 {[%clk 0:55:29]} f6 {[%clk 0:48:47]} 22. Kf1
{[%clk 0:55:39]} Nd8 {[%clk 0:48:39]} 23. Ke2 {[%clk 0:55:33]} c6
{[%clk 0:48:48]} 24. Na4 {[%clk 0:54:27]} Ke7 {[%clk 0:48:30]} 25. c4
{[%clk 0:53:45]} Nd6 {[%clk 0:47:44]} 26. Nc5 {[%clk 0:53:46]} Bc8
{[%clk 0:47:26]} 27. Nd3 {[%clk 0:52:57]} Bg4+ {[%clk 0:47:23]} 28. Ke1
{[%clk 0:52:32]} Bf5 {[%clk 0:47:40]} 29. Ke2 {[%clk 0:52:35]} Bg4+
{[%clk 0:47:55]} 30. Ke1 {[%clk 0:52:18]} Bf5 {[%clk 0:48:17]} 31. Ke2
{[%clk 0:52:43]} Bg4+ {[%clk 0:48:43]} 32. Ke1 {[%clk 0:53:01]} 1/2-1/2

[Event "2017"]
[Site "Bastia"]
[Date "2017.10.21"]
[Round "6.3"]
[White "Huschenbeth, Niclas"]
[Black "Moussard, Jules"]
[Result "0-1"]
[BlackElo "2567"]
[WhiteElo "2596"]
[LiveChessVersion "1.4.6"]

1. e4 {[%clk 1:30:58]} Nc6 {[%clk 1:30:19]} 2. Nf3 {[%clk 1:31:19]} d6
{[%clk 1:30:19]} 3. d4 {[%clk 1:31:27]} Nf6 {[%clk 1:30:44]} 4. Nc3
{[%clk 1:31:52]} g6 {[%clk 1:29:48]} 5. d5 {[%clk 1:32:06]} Nb8 {[%clk 1:29:51]}
6. Bc4 {[%clk 1:31:46]} Bg7 {[%clk 1:28:52]} 7. O-O {[%clk 1:31:18]} O-O
{[%clk 1:27:28]} 8. h3 {[%clk 1:30:13]} c6 {[%clk 1:26:20]} 9. a4
{[%clk 1:30:05]} Nbd7 {[%clk 1:22:37]} 10. Re1 {[%clk 1:26:09]} Qc7
{[%clk 1:21:01]} 11. Ba2 {[%clk 1:03:39]} Nc5 {[%clk 1:18:37]} 12. Bf4
{[%clk 0:56:13]} Qb6 {[%clk 1:12:40]} 13. e5 {[%clk 0:43:09]} Qxb2
{[%clk 0:59:40]} 14. Qd2 {[%clk 0:35:16]} Nfe4 {[%clk 0:57:54]} 15. Nxe4
{[%clk 0:34:52]} Nxe4 {[%clk 0:57:44]} 16. Qe3 {[%clk 0:28:12]} dxe5
{[%clk 0:41:01]} 17. Bxe5 {[%clk 0:27:30]} Bxe5 {[%clk 0:40:59]} 18. Nxe5
{[%clk 0:27:34]} Qxe5 {[%clk 0:40:14]} 19. Qxe4 {[%clk 0:28:00]} Qxe4
{[%clk 0:40:32]} 20. Rxe4 {[%clk 0:28:26]} Re8 {[%clk 0:39:02]} 21. dxc6
{[%clk 0:21:25]} bxc6 {[%clk 0:39:18]} 22. Rc4 {[%clk 0:13:52]} Bd7
{[%clk 0:38:45]} 23. Rc5 {[%clk 0:12:50]} Rec8 {[%clk 0:37:20]} 24. Rd1
{[%clk 0:10:16]} Rc7 {[%clk 0:36:10]} 25. g4 {[%clk 0:09:50]} Rb8
{[%clk 0:35:42]} 26. Bb3 {[%clk 0:09:31]} Rb4 {[%clk 0:34:36]} 27. f3
{[%clk 0:09:27]} Kg7 {[%clk 0:32:16]} 28. Kf2 {[%clk 0:09:27]} h6
{[%clk 0:31:10]} 29. h4 {[%clk 0:08:17]} f6 {[%clk 0:26:26]} 30. h5
{[%clk 0:05:19]} g5 {[%clk 0:26:05]} 31. Ke3 {[%clk 0:05:40]} Kf8
{[%clk 0:25:38]} 32. Rd4 {[%clk 0:05:23]} Rxd4 {[%clk 0:25:33]} 33. Kxd4
{[%clk 0:05:52]} e5+ {[%clk 0:25:53]} 34. Ke4 {[%clk 0:04:13]} Ke7
{[%clk 0:25:27]} 35. Bg8 {[%clk 0:02:34]} Rb7 {[%clk 0:25:10]} 36. Ra5
{[%clk 0:01:31]} Kd6 {[%clk 0:24:48]} 37. Ke3 {[%clk 0:00:48]} Kc7
{[%clk 0:24:45]} 38. Rc5 {[%clk 0:01:16]} Rb4 {[%clk 0:24:35]} 39. Bb3
{[%clk 0:00:54]} Kb6 {[%clk 0:24:10]} 40. Rc3 {[%clk 0:01:21]} a5
{[%clk 0:23:14]} 41. Rd3 {[%clk 0:01:44]} Kc7 {[%clk 0:23:37]} 42. Rc3
{[%clk 0:01:08]} Bc8 {[%clk 0:23:45]} 43. Rd3 {[%clk 0:00:53]} Ba6
{[%clk 0:24:09]} 44. Rd1 {[%clk 0:01:12]} c5 {[%clk 0:21:58]} 45. Be6
{[%clk 0:01:38]} Rd4 {[%clk 0:22:19]} 46. Ra1 {[%clk 0:02:07]} Bb7
{[%clk 0:22:38]} 47. Ra3 {[%clk 0:00:40]} Bc6 {[%clk 0:23:02]} 48. Rc3
{[%clk 0:00:37]} Kd6 {[%clk 0:23:25]} 49. Bb3 {[%clk 0:00:34]} Rf4
{[%clk 0:23:08]} 50. Ke2 {[%clk 0:00:49]} e4 {[%clk 0:23:33]} 0-1

[Event "2017"]
[Site "Bastia"]
[Date "2017.10.21"]
[Round "6.4"]
[White "Firat, Burak"]
[Black "Jumabayev, Rinat"]
[Result "0-1"]
[BlackElo "2603"]
[WhiteElo "2460"]
[LiveChessVersion "1.4.6"]

1. c4 {[%clk 1:30:57]} e5 {[%clk 1:25:58]} 2. d3 {[%clk 1:30:51]} Nf6
{[%clk 1:25:37]} 3. Nf3 {[%clk 1:27:10]} Nc6 {[%clk 1:25:24]} 4. a3
{[%clk 1:25:20]} a5 {[%clk 1:09:07]} 5. Nc3 {[%clk 1:22:14]} h6 {[%clk 1:09:07]}
6. e3 {[%clk 1:18:07]} d5 {[%clk 1:04:44]} 7. cxd5 {[%clk 1:17:54]} Nxd5
{[%clk 1:05:13]} 8. Bd2 {[%clk 1:14:46]} Be7 {[%clk 1:00:35]} 9. Be2
{[%clk 1:11:37]} O-O {[%clk 1:00:44]} 10. O-O {[%clk 1:11:35]} Re8
{[%clk 0:59:30]} 11. Rc1 {[%clk 1:07:06]} Bf8 {[%clk 0:58:08]} 12. Qc2
{[%clk 0:54:07]} Nb6 {[%clk 0:56:59]} 13. Ne4 {[%clk 0:49:10]} a4
{[%clk 0:43:59]} 14. Nc5 {[%clk 0:48:57]} Qe7 {[%clk 0:43:49]} 15. Rfd1
{[%clk 0:45:00]} Rd8 {[%clk 0:43:50]} 16. e4 {[%clk 0:34:08]} Qe8
{[%clk 0:32:37]} 17. Be3 {[%clk 0:21:02]} Nd4 {[%clk 0:31:33]} 18. Nxd4
{[%clk 0:21:05]} exd4 {[%clk 0:31:58]} 19. Bd2 {[%clk 0:21:22]} Ra7
{[%clk 0:24:00]} 20. b3 {[%clk 0:12:23]} Bxc5 {[%clk 0:19:47]} 21. Qxc5
{[%clk 0:12:50]} axb3 {[%clk 0:20:09]} 22. Qxc7 {[%clk 0:11:16]} Ra6
{[%clk 0:12:06]} 23. Qg3 {[%clk 0:06:07]} Na4 {[%clk 0:10:19]} 24. Rb1
{[%clk 0:05:58]} Be6 {[%clk 0:03:51]} 25. Rdc1 {[%clk 0:02:08]} Rc8
{[%clk 0:02:05]} 26. Bd1 {[%clk 0:00:43]} Nc3 {[%clk 0:00:43]} 27. Bxh6
{[%clk 0:00:56]} Qf8 {[%clk 0:01:02]} 28. Rb2 {[%clk 0:01:12]} Rxa3
{[%clk 0:01:17]} 29. Bf4 {[%clk 0:01:00]} Ra2 {[%clk 0:01:29]} 30. Rcb1
{[%clk 0:00:48]} Rxb2 {[%clk 0:01:50]} 31. Rxb2 {[%clk 0:01:04]} Nxd1
{[%clk 0:02:16]} 0-1

[Event "2017"]
[Site "Bastia"]
[Date "2017.10.21"]
[Round "6.5"]
[White "Tregubov, Pavel V."]
[Black "Chu, Wei Chao"]
[Result "1-0"]
[BlackElo "2340"]
[WhiteElo "2589"]
[LiveChessVersion "1.4.6"]

1. c4 {[%clk 1:30:58]} c5 {[%clk 1:30:36]} 2. Nf3 {[%clk 1:31:19]} Nc6
{[%clk 1:30:53]} 3. d4 {[%clk 1:31:39]} cxd4 {[%clk 1:30:03]} 4. Nxd4
{[%clk 1:32:02]} g6 {[%clk 1:30:13]} 5. e4 {[%clk 1:32:23]} Bg7 {[%clk 1:30:38]}
6. Be3 {[%clk 1:32:47]} Nf6 {[%clk 1:30:49]} 7. Nc3 {[%clk 1:33:11]} Ng4
{[%clk 1:31:04]} 8. Qxg4 {[%clk 1:33:33]} Nxd4 {[%clk 1:31:31]} 9. Qd1
{[%clk 1:33:53]} Ne6 {[%clk 1:31:58]} 10. Rc1 {[%clk 1:33:55]} Qa5
{[%clk 1:32:08]} 11. Bd3 {[%clk 1:28:10]} b6 {[%clk 1:30:49]} 12. O-O
{[%clk 1:26:31]} Bb7 {[%clk 1:31:00]} 13. a3 {[%clk 1:15:15]} Rc8
{[%clk 1:28:35]} 14. f4 {[%clk 1:06:19]} Nc5 {[%clk 1:21:16]} 15. e5
{[%clk 1:00:43]} Nxd3 {[%clk 1:04:48]} 16. Qxd3 {[%clk 1:00:54]} Bc6
{[%clk 1:05:16]} 17. b4 {[%clk 0:35:32]} Qxa3 {[%clk 1:05:39]} 18. Ra1
{[%clk 0:35:18]} Qb3 {[%clk 1:05:03]} 19. Rxa7 {[%clk 0:35:36]} O-O
{[%clk 1:05:01]} 20. Rb1 {[%clk 0:35:35]} Be4 {[%clk 1:04:44]} 21. Rxb3
{[%clk 0:35:25]} Bxd3 {[%clk 1:05:07]} 22. Nd5 {[%clk 0:35:51]} Bxc4
{[%clk 1:05:20]} 23. Nxe7+ {[%clk 0:36:17]} Kh8 {[%clk 1:05:46]} 24. Rc3
{[%clk 0:35:31]} Rce8 {[%clk 0:59:59]} 25. Rxc4 {[%clk 0:34:57]} Rxe7
{[%clk 1:00:12]} 26. Bxb6 {[%clk 0:35:13]} Re6 {[%clk 0:59:36]} 27. Bc5
{[%clk 0:34:23]} Rd8 {[%clk 0:59:59]} 28. Rd4 {[%clk 0:33:41]} f6
{[%clk 0:54:34]} 29. Rdxd7 {[%clk 0:30:44]} 1-0